000 00661nam a2200217 i 4500
001 103736
003 ES-MaACL
005 20230906183433.0
007 t|
008 051117s1910 sp ||||1| spa d
080 _a821.134.2-992"19"
080 _a913(234.1 Guadarrama)
100 1 _aMesa, Enrique de,
_d1878-1929
_980630
245 1 0 _aAndanzas serranas
_b: (por Somosierra y Guadarrama) /
_cEnrique de Mesa.
260 _aMadrid :
_bRenacimiento,
_c1910.
300 _a82 p. ;
_c17 cm.
651 4 _aGuadarrama (EspaƱa, Sierra)-
_xDescripción.
_98798
852 _aES-MaACL
_jZ-37
_dOlim F-9851
942 _2udc
999 _c103736
_d103736